000 00531nam a22002177a 4500
001 48145
003 UA-OsUOA
005 20220818160507.0
007 ta
008 20070830b un ||||| |||| 00| 0 ukr d
040 _aUA-OsUOA
_brus
_cUA-OsUOA
_dUA-OsUOA
041 _arus
080 _a821.161,1
090 _a821.161,1
_bЛ84
245 _aЛунный свет
260 _aМ.
_c1963
300 _a138 с.
650 7 _a82 Література. Літературознавство
_2UDC
942 _cBK
_2udc
955 _a3
999 _c334257
_d334257